Statistics for Countries Closest to the US - distance order

Click here to take the quiz!

General Stats

  • This quiz has been taken 64 times
  • The average score is 15 of 22

Answer Stats

distancecountry% Correct
1st= (nth)Canada
100%
1st= (sth)Mexico
100%
3rdRussia
95%
4thBahamas
93%
5thCuba
93%
6thJamaica
80%
7thBelize
76%
8thHaiti
76%
10thGuatemala
71%
11thDominican Republic
69%
14thCosta Rica
67%
13thEl Salvador
67%
9thHonduras
67%
12thNicaragua
67%
16thPanama
58%
18thVenezuela
56%
17thColombia
55%
19thSt Kitts and Nevis
55%
20thAntigua and Barbuda
45%
22ndJapan
31%
21stFrance (Guadeloupe)
27%
15thKiribati
27%

Score Distribution

Percentile by Number Answered

Percent of People with Each Score

Your Score History

You have not taken this quiz